000 00400nam a22001697a 4500
003 CEME
005 20210628203155.0
008 210203b xxu||||| |||| 00| 0 eng d
020 _a9780471754039
040 _c.
082 _a620.11 BEY
100 _aBeylerian, George M
_933926
245 _aMaterial connexion
260 _aCHINA
_bJOHN WILEY & SONS
_c2005
300 _aPDF
942 _cBK
_2ddc
999 _c572487
_d572487